Impuesto al gasto (Registro nro. 4662)
[ vista simple ]
| 000 -LEADER | |
|---|---|
| fixed length control field | 00942 a2200205 4500 |
| 001 - CONTROL NUMBER | |
| control field | 48634 |
| 005 - DATE AND TIME OF LATEST TRANSACTION | |
| control field | 20260407155751.0 |
| 008 - FIXED-LENGTH DATA ELEMENTS--GENERAL INFORMATION | |
| fixed length control field | 260407a1963 arg spa d |
| 003 - CONTROL NUMBER IDENTIFIER | |
| control field | AR-UNSa-BCEJYS |
| 040 ## - CATALOGING SOURCE | |
| Original cataloging agency | AR-UNSa-BCEJYS |
| Language of cataloging | spa |
| Transcribing agency | AR-UNSa-BCEJYS |
| 080 ## - UNIVERSAL DECIMAL CLASSIFICATION NUMBER | |
| Universal Decimal Classification number | 336.226 |
| Common auxiliary subdivision | Tipos de impuestos. Impuestos directos e indirectos<br/> |
| 100 1# - MAIN ENTRY--PERSONAL NAME | |
| Personal name | Kaldor, Nicholas |
| 245 10 - TITLE STATEMENT | |
| Title | Impuesto al gasto |
| 264 #1 - PRODUCTION, PUBLICATION, DISTRIBUTION, MANUFACTURE, AND COPYRIGHT NOTICE | |
| Place of production, publication, distribution, manufacture | Buenos Aires : |
| Name of producer, publisher, distributor, manufacturer | Fondo de Cultura Económica |
| Date of production, publication, distribution, manufacture, or copyright notice | 1963 |
| 300 ## - PHYSICAL DESCRIPTION | |
| Extent | 250 p. |
| Dimensions | 21 cm. |
| 505 ## - FORMATTED CONTENTS NOTE | |
| Formatted contents note | 1. Ingreso, gasto y capacidad gravable - 2. Impuestos y ahorros - 3. Los impuestos y la disposición de asumir riesgos - 4. Los impuestos y el incentivo al trabajo - 5. Impuestos a las compañías - 6. Los impuestos y el progreso económico - 7. ¿Es factible un impuesto al gasto personal? - 8. Propuesta para una reforma al impuesto adicional - |
| 590 ## - LOCAL NOTE (RLIN) | |
| Local note | niveau_biblio:m niveau_hierar:0 |
| 700 1# - ADDED ENTRY--PERSONAL NAME | |
| Personal name | Pimentel, Rubén C. |
| 942 ## - ADDED ENTRY ELEMENTS (KOHA) | |
| Koha item type | |
| Withdrawn status | Lost status | Damaged status | Not for loan | Home library | Current library | Shelving location | Date acquired | Total checkouts | Full call number | Barcode | Date last seen | Price effective from | Koha item type |
|---|---|---|---|---|---|---|---|---|---|---|---|---|---|
| Biblioteca Prof. Eusebio Cleto del Rey | Biblioteca Prof. Eusebio Cleto del Rey | 07/04/2026 | 336.226 K14 | L22737 | 07/04/2026 | 07/04/2026 | Libro | ||||||
| Biblioteca Prof. Eusebio Cleto del Rey | Biblioteca Prof. Eusebio Cleto del Rey | 07/04/2026 | 336.226 K14 | L26670 | 07/04/2026 | 07/04/2026 | Libro | ||||||
| Biblioteca Prof. Eusebio Cleto del Rey | Biblioteca Prof. Eusebio Cleto del Rey | 07/04/2026 | 336.226 K14 | L22736 | 07/04/2026 | 07/04/2026 | Libro | ||||||
| Biblioteca Prof. Eusebio Cleto del Rey | Biblioteca Prof. Eusebio Cleto del Rey | 07/04/2026 | 336.226 K14 | L26671 | 07/04/2026 | 07/04/2026 | Libro |